Raivoisat ruusut : kronikka vallasta /

Bibliographic Details
Main Author: Shakespeare, William, 1564-1616
Other Authors: Kievari, Solja, Siikala, Ritva, Meriluoto, Aila
Format: Book
Language:Finnish
Published: Helsinki : Love kirjat, 1990
Subjects:

MARC

Tag First Indicator Second Indicator Subfields
LEADER 00000cam a2200000Ia 4500
001 in00002425894
005 20151109124919.0
008 081003s1990 fi 000 d fin d
020 |a 9518978158 
020 |a 9789518978155 
035 |a (OCoLC)ocn260090563 
035 |a (OCoLC)260090563 
040 |a TXA  |c TXA  |d UtOrBLW 
041 1 |a fin  |h eng 
049 |a TXAM 
090 |a PR2795.F52  |b K54 1990 
100 1 |a Shakespeare, William,  |d 1564-1616. 
240 1 0 |a King Henry IV.  |l Finnish 
245 1 0 |a Raivoisat ruusut :  |b kronikka vallasta /  |c William Shakespeare ; Shakespearen Henrik VI -nèaytelmistèa sovittaneet Solja Kievari ja Ritva Siikala ; suomentanut Aila Meriluoto. 
264 1 |a Helsinki :  |b Love kirjat,  |c 1990 
264 3 |a Jyvèaskylèa :  |b Gummerus 
300 |a 127 pages ;  |c 19 cm. 
336 |a text  |b txt  |2 rdacontent 
337 |a unmediated  |b n  |2 rdamedia 
338 |a volume  |b nc  |2 rdacarrier 
600 1 0 |a Shakespeare, William,  |d 1564-1616  |v Translations into Finnish. 
600 1 0 |a Shakespeare, William,  |d 1564-1616  |v Adaptations. 
600 0 0 |a Henry  |b VI,  |c King of England,  |d 1421-1471  |v Drama. 
700 1 |a Kievari, Solja. 
700 1 |a Siikala, Ritva. 
700 1 |a Meriluoto, Aila. 
936 |a PR 57917480 
948 |a cataloged  |b h  |c 2008/10/3  |d o  |e fpiscitelli  |f 3:32:28 pm 
994 |a C0  |b TXA 
999 |a MARS 
999 f f |s db801a85-be2b-35ac-a15e-931c0e142bba  |i 7c449589-dd23-334e-bddf-4d74a36af2ed  |t 0 
952 f f |p ric  |a Texas A&M University  |b Rellis Campus  |c Joint Library Facility  |d Remote Storage  |t 0  |e PR2795.F52 K54 1990  |h Library of Congress classification  |i unmediated -- volume  |m A14832576929 
998 f f |a PR2795.F52 K54 1990  |t 0  |l Remote Storage